Estrategia nacional de educación, formación y sensibilización de públicos sobre cambio climático. (Registro nro. 18959)

Detalles MARC
000 -CABECERA
Campo de control 01004nam a22002415a 4500
005 - FECHA Y HORA DE LA ULTIMA TRANSACCION
Campo de control 20160811121237.0
008 - ELEMENTOS DE LONGITUD FIJA—INFORMACION GENERAL
Campo de control 111108s2010 ck ab gr 000 0dspa d
020 ## - ISBN
ISBN 9789588067308
040 ## - FUENTE DE CATALOGACIÓN
Agencia catalogadora original CO-BoBLA
Agencia transcriptora CO-BoBLA
Agencia Modificadora CO-BoIAVH
041 0# - IDIOMA
Código de idioma para texto/pista de sonido o título separado Español
044 ## - PAÍS DE PUBLICACIÓN
País de publicación Colombia
082 04 - NUMERO DE CLASIFICACION DECIMAL DEWEY
Número de clasificación 551.6
Número del ítem E82n
245 00 - MENCION DE TITULO
Título Estrategia nacional de educación, formación y sensibilización de públicos sobre cambio climático.
260 ## - PUBLICACION, DISTRIBUCION, ETC. (PIE DE IMPRENTA)
Lugar de publicación, distribución, etc. Bogotá :
Nombre del editor, distribuidor, etc. Ministerio de Ambiente, Vivienda y Desarrollo Territorial,
Fecha de publicación, distribución, etc. 2010.
300 ## - DESCRIPCION FISICA
Extensión 68 páginas :
Otros detalles físicos ilustraciones y mapas ;
Dimensiones 28 x 21 cm.
500 ## - NOTA GENERAL
Nota general Segunda comunicación de Colombia ante la Convención de las Naciones Unidas sobre el cambio climático.
504 ## - NOTA DE BIBLIOGRAFIA, ETC.
Nota de bibliografía Incluye referencias bibliográficas.
650 26 - ASIENTO SECUNDARIO DE MATERIA - TERMINO TEMATICO
Término temático o nombre geográfico como elemento de entrada Cambio climático
Subdivisión general Enseñanza
Subdivisión geográfica Colombia
9 (RLIN) 74216
650 26 - ASIENTO SECUNDARIO DE MATERIA - TERMINO TEMATICO
Término temático o nombre geográfico como elemento de entrada Política ambiental
Subdivisión geográfica Colombia
9 (RLIN) 74217
650 26 - ASIENTO SECUNDARIO DE MATERIA - TERMINO TEMATICO
Término temático o nombre geográfico como elemento de entrada Gestión ambiental
Subdivisión general Comunicación
Subdivisión geográfica Colombia
9 (RLIN) 74218
650 26 - ASIENTO SECUNDARIO DE MATERIA - TERMINO TEMATICO
Término temático o nombre geográfico como elemento de entrada Educación ambiental
Subdivisión geográfica Colombia
9 (RLIN) 74219
942 ## - ELEMENTOS ADICIONALES (KOHA)
Sistema de clasificación Dewey Decimal Classification
Tipo de ítem Libro
Existencias
Withdrawn status Lost status Sistema de Clasificación Damaged status No para préstamo Colección Inventariado Ubicación Permanente Ubicación actual Fecha de adquisición Fuente de Valor Valor Total Checkouts Número topográfico Inventario / Código de Barras Date last seen Ejemplar Price effective from Forma de adquisición Tipo de material
    Dewey Decimal Classification     General Inventariado 2017 Bogotá Bogotá 11/08/2016 Instituto 39000.00   LB-551.6 E82n 034412 11/08/2016 Ej. 1 11/08/2016 Donación Libro